Secesný detail v architektúre Bratislavy

Bibliographic Details
Main Author: Récka, Adriana, 1967- (Author)
Format: Article
Language:Slovak
PhysicalDescription:Obr. 15.
Subjects:

MARC

LEADER 00000nab a2200000 a 4500
001 vtls000407319
003 SK-MaSNL
005 20260426062852.0
008 230127c xo 0 slo
015 |a SNBRB19rr/mm-uuuuu 
035 |a CL0407443 
035 |a urn:nbn:sk:snk-ab79zd 
035 |a (uuid)36574d55-33e5-44bd-a01f-e549e4fe803a 
035 |a (urnnbn)urn:nbn:sk:snk:ar-a07cw3 
035 |a (sysno)vtls000407319 
040 |a SNKBUCL  |b slo  |c SNKBUCL  |e AACR2 
041 0 |a slo 
044 |a xo  |c SK 
080 |a 728.036  |2 1981 
080 |a 719  |2 1981 
100 1 |a Récka, Adriana,  |d 1967-  |4 aut  |9 125711 
245 1 0 |a Secesný detail v architektúre Bratislavy  |c Adriana Bögiová 
300 |b Obr. 15. 
650 0 7 |a architektúra  |2 SNKPH  |9 722 
650 0 7 |a secesia  |2 SNKPH  |9 18025 
650 0 7 |a architektonické detaily  |2 SNKPH  |9 92594 
651 7 |a Bratislava (Slovensko)  |2 SNKPHgeo  |9 14568 
655 7 |a články z novín a časopisov  |2 SNK  |9 267496 
773 0 |t Pamiatky súčasnosť  |g Roč. 1(21), č. 4 (1990), s. 10-13 
850 |a Slovenská národná knižnica v Martine  |a MTA001 
852 |a SNK  |b KIS3GCP 
954 |a odborná, vedecká literatúra pôvodná (slovenská)  |2 lita 
957 |a 5100 
958 |a RK 
958 |a OND 
958 |a EUIPO 
958 |a article27 
992 |a RBX 
999 |c 2550306  |d 2552236